DESING OF STEEL STRUCTURES (Record no. 5410)

MARC details
000 -LEADER
fixed length control field 00326nam a22001457a 4500
005 - DATE AND TIME OF LATEST TRANSACTION
control field 20170401165738.0
008 - FIXED-LENGTH DATA ELEMENTS--GENERAL INFORMATION
fixed length control field 170401b xxu||||| |||| 00| 0 eng d
020 ## - INTERNATIONAL STANDARD BOOK NUMBER
ISBN 81-219-2320-4
041 ## - LANGUAGE CODE
Language code of text/sound track or separate title eng
100 ## - MAIN ENTRY--AUTHOR NAME
Personal name DAYARATNAM,P
245 ## - TITLE STATEMENT
Title DESING OF STEEL STRUCTURES
260 ## - PUBLICATION, DISTRIBUTION, ETC. (IMPRINT)
Name of publisher S.CHAND
300 ## - PHYSICAL DESCRIPTION
Number of Pages 868
942 ## - ADDED ENTRY ELEMENTS (KOHA)
Koha item type Books
Holdings
Lost status Damaged status Collection code Home library Current library Shelving location Date acquired Source of acquisition Cost, normal purchase price Accession Number Koha item type
    Reference JRU Library   SHELF -72- F 01/04/2017 PURCHESS 625.00 21685 Books
      JRU Library   SHELF-49-D 01/04/2017 PURCHESS 625.00 21686 Books